| 000 | 01266nam a22001697a 4500 | ||
|---|---|---|---|
| 999 |
_c210860 _d210860 |
||
| 005 | 20220509192119.0 | ||
| 008 | 220315b2021 ||||| |||| 00| 0 eng | ||
| 082 | _a347.09 PAU | ||
| 100 | _aPaul Benny & Benny Tina | ||
| 245 |
_aSimplified Approach to Alternative Dispute Resoluton : _bInclding Arbitration and Conciliation Act, 1996 |
||
| 250 | _a2nd Ed | ||
| 260 |
_aChandigarh _bShree Ram Law House _c2021 |
||
| 365 | _b553 | ||
| 505 | _aContent: 1. Meaning and Concept of ADR; 2. Types of Alternative Dispute Resolution; 3. Mediation : Mediation and Conciliation Rules, 2004; 4 UNCITRAL Model Law ; 5. International Commercial Arbitration; 6. Section 89 - Civil Procedure Code; 7. Legal Services Authoriries Act, 1987 9. Concept of Plea Bargaining; 10 Arbitration in India / An Overview; 11 Part I Arbitration - Definition and General Aspects; 12 Arbitration Agreement; 13. Composition and Jurisdiction of Arbitral Tribunal; 14 Section 16 : Jurisdiction of Arbitrators; 15. Conduct of Arbitral Proceddings; 16 Making of Arbitration Award and Termination of Proceedings; 17. Finality and Enforcement of Arbitral Award; 18 Miscellaeneous | ||
| 650 |
_aDispute Resolution Law -- India _vArbitration & Conciliation |
||
| 942 |
_2ddc _cBK |
||